[Event "NCA-ch sf"]
[Site "Managua"]
[Date "2023.02.04"]
[Round "4.2"]
[White "Flores Talavera, Luis"]
[Black "Pineda, Juan Jose"]
[Result "1/2-1/2"]
[WhiteElo "1984"]
[BlackElo "1940"]
[PlyCount "55"]
[EventDate "2023.01.28"]
[EventType "swiss"]
[EventRounds "9"]
[EventCountry "NCA"]
[SourceTitle "CBM 213 Extra"]
[Source "ChessBase"]
[SourceDate "2023.05.31"]
[SourceVersion "1"]
[SourceVersionDate "2023.05.31"]
[SourceQuality "1"]

1. e4 e5 2. Nf3 Nc6 3. Bc4 Bc5 4. c3 Nf6 5. d3 a6 6. Nbd2 0-0 7. h3 d5 8. Bb3 Be6 9. Bc2 Qe7 10. Qe2 Rad8 11. Nf1 dxe4 12. dxe4 Rd7 13. Ne3 Ne8 14. g4 f6 15. Nf5 Qf7 16. b3 Kh8 17. 0-0 Ne7 18. Be3 Bxe3 19. fxe3 Bxf5 20. gxf5 Qh5 21. Kh2 g6 22. fxg6 Nxg6 23. Qf2 Nd6 24. Rad1 Rdf7 25. Qg3 Rg7 26. Rg1 Rfg8 27. Qf2 Rf8 28. Qg3 1/2-1/2

[Event "NCA-ch sf"]
[Site "Managua"]
[Date "2018.02.24"]
[Round "7"]
[White "Flores Talavera, Luis"]
[Black "Rocha, Maximiliano"]
[Result "0-1"]
[WhiteElo "2043"]
[BlackElo "2191"]
[PlyCount "74"]
[EventDate "2018.02.10"]
[EventType "swiss"]
[EventRounds "9"]
[EventCountry "NCA"]
[SourceTitle "CBM 183 Extra"]
[Source "ChessBase"]
[SourceDate "2018.04.19"]
[SourceVersion "1"]
[SourceVersionDate "2018.04.19"]
[SourceQuality "1"]

1. e4 c5 2. Nf3 d6 3. d4 cxd4 4. Nxd4 Nf6 5. Nc3 a6 6. Bc4 e6 7. Bb3 Nbd7 8. Qe2 Nc5 9. Bg5 Be7 10. 0-0-0 Qc7 11. f4 h6 12. Bxf6 Bxf6 13. g4 b5 14. f5 b4 15. Na4 Nxb3+ 16. axb3 e5 17. Nf3 Bb7 18. Rhe1 Rc8 19. Kb1 Bg5 20. Qd3 Be7 21. Nd2 0-0 22. Nc4 Rcd8 23. Nab6 Bh4 24. Re2 a5 25. Nd5 Qc5 26. Nce3 Ra8 27. Nc4 a4 28. Ndb6 axb3 29. Nxa8 bxc2+ 30. Rxc2 Rxa8 31. Nxd6 Qa5 32. Re2 Qa2+ 33. Kc2 Ba6 34. Qf3 b3+ 35. Kc3 Qa5+ 36. Kxb3 Rb8+ 37. Kc2 Qa4+ 0-1

[Event "NCA-chT"]
[Site "Managua"]
[Date "2015.11.28"]
[Round "7.2"]
[White "Flores Talavera, Luis"]
[Black "Morales, Alvaro Antonio"]
[Result "1-0"]
[WhiteElo "1995"]
[BlackElo "1864"]
[PlyCount "21"]
[EventDate "2015.11.14"]
[EventType "team-tourn"]
[EventRounds "9"]
[EventCountry "NCA"]
[SourceTitle "EXT 2018"]
[Source "ChessBase"]
[SourceDate "2017.10.13"]
[SourceVersion "1"]
[SourceVersionDate "2017.10.13"]
[SourceQuality "1"]
[WhiteTeam "Gigantes de Occidente"]
[BlackTeam "Caruna"]
[WhiteTeamCountry "NCA"]
[BlackTeamCountry "NCA"]

1. e4 c6 2. d4 d5 3. Nd2 dxe4 4. Nxe4 Nd7 5. Bc4 e6 6. Qe2 Ngf6 7. Ng5 Nb6 8. Bb3 Qxd4 9. N1f3 Qd6 10. Ne5 Qc7 11. Nexf7 1-0

[Event "NCA-chT"]
[Site "Managua"]
[Date "2015.11.22"]
[Round "5.2"]
[White "Alfaro Caracas, William"]
[Black "Flores Talavera, Luis"]
[Result "1-0"]
[WhiteElo "2164"]
[BlackElo "1995"]
[PlyCount "83"]
[EventDate "2015.11.14"]
[EventType "team-tourn"]
[EventRounds "9"]
[EventCountry "NCA"]
[SourceTitle "EXT 2018"]
[Source "ChessBase"]
[SourceDate "2017.10.13"]
[SourceVersion "1"]
[SourceVersionDate "2017.10.13"]
[SourceQuality "1"]
[WhiteTeam "Joaquin Hurtado"]
[BlackTeam "Gigantes de Occidente"]
[WhiteTeamCountry "NCA"]
[BlackTeamCountry "NCA"]

1. Nf3 Nf6 2. c4 e6 3. g3 d5 4. Bg2 Be7 5. 0-0 0-0 6. Qc2 dxc4 7. Qxc4 Nbd7 8. d4 c5 9. dxc5 Bxc5 10. Nc3 a6 11. b4 Be7 12. Qb3 Qc7 13. Bb2 b5 14. Rac1 Qb6 15. a4 bxa4 16. Nxa4 Qxb4 17. Qxb4 Bxb4 18. Nd4 Rb8 19. Nc6 Rb5 20. Nxb4 Rxb4 21. Ba3 Rxa4 22. Bxf8 Kxf8 23. Rxc8+ Ke7 24. Rfc1 Ra2 25. Bf3 Ne5 26. R8c7+ Kd6 27. Ra7 Nxf3+ 28. exf3 Nd5 29. Rxf7 a5 30. Rxg7 a4 31. Rxh7 Ra3 32. Ra7 Nc3 33. Rxc3 Rxc3 34. Rxa4 Rxf3 35. Rf4 Ra3 36. Kg2 e5 37. Rf3 Ra2 38. g4 e4 39. Re3 Ke5 40. Kg3 Kd4 41. h4 Ra1 42. Kf4 1-0

[Event "NCA-chT"]
[Site "Managua"]
[Date "2015.11.22"]
[Round "6.2"]
[White "Picado, Jorge Luis"]
[Black "Flores Talavera, Luis"]
[Result "1-0"]
[WhiteElo "2211"]
[BlackElo "1995"]
[PlyCount "123"]
[EventDate "2015.11.14"]
[EventType "team-tourn"]
[EventRounds "9"]
[EventCountry "NCA"]
[SourceTitle "EXT 2018"]
[Source "ChessBase"]
[SourceDate "2017.10.13"]
[SourceVersion "1"]
[SourceVersionDate "2017.10.13"]
[SourceQuality "1"]
[WhiteTeam "St Augustine School"]
[BlackTeam "Gigantes de Occidente"]
[WhiteTeamCountry "NCA"]
[BlackTeamCountry "NCA"]

1. c4 Nf6 2. Nc3 e6 3. e4 e5 4. Nf3 Nc6 5. d3 Be7 6. h3 d6 7. Be3 0-0 8. Qd2 a6 9. d4 exd4 10. Nxd4 Nxd4 11. Bxd4 Re8 12. Bd3 Nd7 13. 0-0 Ne5 14. Be2 Bf6 15. Nd5 Nd7 16. Nxf6+ Nxf6 17. f3 Be6 18. Rfd1 h6 19. Qc3 Nh5 20. Be3 Qf6 21. Rac1 Qxc3 22. Rxc3 Ng3 23. Bd3 f5 24. exf5 Bxf5 25. Kf2 Bxd3 26. Rcxd3 Nf5 27. Bf4 Re6 28. g4 Ne7 29. Re3 Rxe3 30. Bxe3 Nc6 31. b3 a5 32. a4 Re8 33. f4 Kf7 34. Kf3 b6 35. h4 Nb4 36. Rd2 Rd8 37. h5 Nc6 38. Rd1 Nb4 39. Rd2 Nc6 40. Bf2 Nb4 41. Bd4 Nc6 42. Bc3 Re8 43. Rg2 Nd8 44. g5 hxg5 45. fxg5 Kg8 46. h6 g6 47. Rh2 Kh7 48. Bf6 Nb7 49. Bd4 Nd8 50. Rh4 Ne6 51. Be3 Rf8+ 52. Kg4 Rf1 53. Rh3 Nd8 54. Rf3 Rxf3 55. Kxf3 Nc6 56. Ke4 Nb4 57. Bd4 c6 58. Bxb6 d5+ 59. cxd5 Nxd5 60. Bxa5 Kg8 61. Bd2 Nc7 62. Ke5 1-0

[Event "NCA-chT"]
[Site "Managua"]
[Date "2015.11.15"]
[Round "2.2"]
[White "Flores Talavera, Luis"]
[Black "Ortiz, Heriberto"]
[Result "1-0"]
[WhiteElo "1995"]
[BlackElo "1912"]
[PlyCount "42"]
[EventDate "2015.11.14"]
[EventType "team-tourn"]
[EventRounds "9"]
[EventCountry "NCA"]
[SourceTitle "EXT 2018"]
[Source "ChessBase"]
[SourceDate "2017.10.13"]
[SourceVersion "1"]
[SourceVersionDate "2017.10.13"]
[SourceQuality "1"]
[WhiteTeam "Gigantes de Occidente"]
[BlackTeam "Joaking Cuadra"]
[WhiteTeamCountry "NCA"]
[BlackTeamCountry "NCA"]

1. e4 e5 2. Nf3 Nc6 3. Bc4 Be7 4. d3 Nf6 5. c3 0-0 6. Nbd2 d5 7. Bb3 dxe4 8. dxe4 Bg4 9. h3 Bxf3 10. Qxf3 Na5 11. Bc2 a6 12. 0-0 c5 13. Rd1 Qc7 14. Nf1 Rad8 15. Bg5 Nc4 16. Ne3 Nd2 17. Qe2 Ndxe4 18. Bxe4 Nxe4 19. Bxe7 Rxd1+ 20. Rxd1 Nxc3 21. bxc3 Qxe7 1-0

[Event "NCA-chT"]
[Site "Managua"]
[Date "2015.11.14"]
[Round "1.3"]
[White "Flores Talavera, Luis"]
[Black "Sanchez, Jose2222"]
[Result "1-0"]
[WhiteElo "1995"]
[BlackElo "1869"]
[PlyCount "49"]
[EventDate "2015.11.14"]
[EventType "team-tourn"]
[EventRounds "9"]
[EventCountry "NCA"]
[SourceTitle "EXT 2018"]
[Source "ChessBase"]
[SourceDate "2017.10.13"]
[SourceVersion "1"]
[SourceVersionDate "2017.10.13"]
[SourceQuality "1"]
[WhiteTeam "Gigantes de Occidente"]
[BlackTeam "Jose Raul Capablanca"]
[WhiteTeamCountry "NCA"]
[BlackTeamCountry "NCA"]

1. e4 d6 2. d4 Nf6 3. Nc3 g6 4. Be3 Bg7 5. f3 0-0 6. Qd2 c6 7. 0-0-0 b5 8. Bd3 a5 9. Bh6 a4 10. h4 Qb6 11. Nce2 c5 12. e5 dxe5 13. dxe5 Ne8 14. h5 a3 15. b3 c4 16. Bxg7 cxd3 17. Bxf8 dxe2 18. Nxe2 Kxf8 19. Qh6+ Kg8 20. hxg6 Qxg6 21. Rd8 Qxh6+ 22. Rxh6 Bd7 23. Rb6 Kg7 24. Rbxb8 Rxb8 25. Rxb8 1-0